BIOGENIC SECRETS OF FOOD IN AYURVEDA (Record no. 11382)
[ view plain ]
| 000 -LEADER | |
|---|---|
| fixed length control field | 00295nam a22001337a 4500 |
| 003 - CONTROL NUMBER IDENTIFIER | |
| control field | SGT |
| 082 ## - DEWEY DECIMAL CLASSIFICATION NUMBER | |
| Classification number | 612.3 |
| Item number | B11G |
| 100 ## - MAIN ENTRY--PERSONAL NAME | |
| Personal name | GUPTA,L.G |
| 245 ## - TITLE STATEMENT | |
| Title | BIOGENIC SECRETS OF FOOD IN AYURVEDA |
| 260 ## - PUBLICATION, DISTRIBUTION, ETC. (IMPRINT) | |
| Place of publication, distribution, etc | DELHI |
| Name of publisher, distributor, etc | CHAUKHAMBHA PUB |
| Year of Publication | 2011 |
| 300 ## - PAGE DESCRIPTION | |
| No. of Pages | 150 |
| 650 ## - SUBJECT ADDED ENTRY--TOPICAL TERM | |
| Topical term or geographic name as entry element | AYURVEDA |
| 942 ## - ADDED ENTRY ELEMENTS (KOHA) | |
| Source of classification or shelving scheme | Dewey Decimal Classification |
| Koha item type | Books |
| 942 ## - ADDED ENTRY ELEMENTS (KOHA) | |
| -- | 3 |
| Withdrawn status | Lost status | Source of classification or shelving scheme | Damaged status | Not for loan | Collection code | Home library | Current library | Shelving location | Date acquired | Vendor Name | Cost, normal purchase price | SGTU | Bill Number | Total Checkouts | Full call number | Accession No. (Barcode) | Date last seen | Bill Date | Koha item type | Date last borrowed | Use restrictions |
|---|---|---|---|---|---|---|---|---|---|---|---|---|---|---|---|---|---|---|---|---|---|
| Dewey Decimal Classification | AYURVEDA | SGT FA-FP Library | SGT FA-FP Library | Text Book | 29/03/2017 | CHAUKHAMBHA PUB | 300.00 | SGTU | CP/B/948 | 612.3 B11G | FA6046 | 29/03/2017 | 09/02/2017 | Books | |||||||
| Dewey Decimal Classification | AYURVEDA | SGT FA-FP Library | SGT FA-FP Library | Text Book | 29/03/2017 | CHAUKHAMBHA PUB | 300.00 | SGTU | CP/B/948 | 1 | 612.3 B11G | FA6047 | 18/09/2023 | 09/02/2017 | Books | 14/09/2023 | |||||
| Dewey Decimal Classification | AYURVEDA | SGT FA-FP Library | SGT FA-FP Library | Text Book | 29/03/2017 | CHAUKHAMBHA PUB | 300.00 | SGTU | CP/B/948 | 1 | 612.3 B11G | FA6048 | 23/12/2021 | 09/02/2017 | Books | 14/12/2021 | |||||
| Dewey Decimal Classification | AYURVEDA | SGT FA-FP Library | SGT FA-FP Library | Reference Book | 29/03/2017 | CHAUKHAMBHA PUB | 300.00 | SGTU | CP/B/948 | 612.3 B11G | FA6049 | 29/03/2017 | 09/02/2017 | Books | Restricted Access | ||||||
| Dewey Decimal Classification | AYURVEDA | SGT FA-FP Library | SGT FA-FP Library | Text Book | 29/03/2017 | CHAUKHAMBHA PUB | 300.00 | SGTU | CP/B/948 | 1 | 612.3 B11G | FA6050 | 29/02/2024 | 09/02/2017 | Books | 18/12/2023 |